Attack and defense / (Record no. 8507)

MARC details
000 -LEADER
fixed length control field 01644cam a22004577a 4500
001 - CONTROL NUMBER
control field 8507
003 - CONTROL NUMBER IDENTIFIER
control field FISKH
005 - DATE AND TIME OF LATEST TRANSACTION
control field 20250916153758.0
008 - FIXED-LENGTH DATA ELEMENTS--GENERAL INFORMATION
fixed length control field 040309s2003 paua j 001 0 eng d
010 ## - LIBRARY OF CONGRESS CONTROL NUMBER
LC control number 2004297103
020 ## - INTERNATIONAL STANDARD BOOK NUMBER
International Standard Book Number 1590841743
020 ## - INTERNATIONAL STANDARD BOOK NUMBER
International Standard Book Number 9781590841747
035 ## - SYSTEM CONTROL NUMBER
System control number 13515826
035 ## - SYSTEM CONTROL NUMBER
System control number (OCoLC)49828568
040 ## - CATALOGING SOURCE
Original cataloging agency APL
Transcribing agency APL
Modifying agency OCLCQ
-- DLC
Language of cataloging eng
050 00 - LIBRARY OF CONGRESS CALL NUMBER
Classification number QL100.5
Item number .C68 2003
082 00 - DEWEY DECIMAL CLASSIFICATION NUMBER
Classification number 591.5/3
Edition number 22
100 1# - MAIN ENTRY--PERSONAL NAME
Personal name Coupe, Robert.
245 10 - TITLE STATEMENT
Title Attack and defense /
Statement of responsibility, etc. Robert Coupe
260 ## - PUBLICATION, DISTRIBUTION, ETC.
Place of publication, distribution, etc. Broomall, PA :
Name of publisher, distributor, etc. Mason Crest Publishers,
Date of publication, distribution, etc. 2003.
300 ## - PHYSICAL DESCRIPTION
Extent 32 pages :
Other physical details color illustrations ;
Dimensions 23 cm
336 ## - CONTENT TYPE
Content type term text
Content type code txt
Source rdacontent
337 ## - MEDIA TYPE
Media type term unmediated
Media type code n
Source rdamedia
338 ## - CARRIER TYPE
Carrier type term volume
Carrier type code nc
Source rdacarrier
490 1# - SERIES STATEMENT
Series statement Weird and wonderful wildlife
490 1# - SERIES STATEMENT
Series statement Junior adventure
500 ## - GENERAL NOTE
General note Includes index.
505 ## - FORMATTED CONTENTS NOTE
Formatted contents note O<br/>
520 ## - SUMMARY, ETC.
Summary, etc. How do animals attack and defend? Some hunt with sharp teeth and claws. Others use stealth or speed. Speed helps animals defend themselves, too. A few creatures have poison in their bodies.
521 8# - TARGET AUDIENCE NOTE
Target audience note 600<br/>
Source Lexile estimate<br/>
521 8# - TARGET AUDIENCE NOTE
Target audience note O<br/>
Source Raz-Plus<br/>
650 #0 - SUBJECT ADDED ENTRY--TOPICAL TERM
Topical term or geographic name entry element Animal attacks
Form subdivision Juvenile literature.
650 #0 - SUBJECT ADDED ENTRY--TOPICAL TERM
Topical term or geographic name entry element Animal defenses
Form subdivision Juvenile literature.
655 #7 - INDEX TERM--GENRE/FORM
Genre/form data or focus term Literature.
Source of term lcgft
Authority record control number or standard number https://id.loc.gov/authorities/genreForms/gf2014026415
830 #0 - SERIES ADDED ENTRY--UNIFORM TITLE
Uniform title Weird and wonderful wildlife (Broomall, Pa.)
830 #0 - SERIES ADDED ENTRY--UNIFORM TITLE
Uniform title Junior adventure (Broomall, Pa.)
906 ## - LOCAL DATA ELEMENT F, LDF (RLIN)
a 7
b cbc
c copycat
d 2
e ncip
f 20
g y-gencatlg
942 ## - ADDED ENTRY ELEMENTS (KOHA)
Source of classification or shelving scheme Dewey Decimal Classification
Koha item type Books
Suppress in OPAC No
Holdings
Withdrawn status Lost status Source of classification or shelving scheme Damaged status Not for loan Collection Home library Current library Shelving location Date acquired Total Checkouts Full call number Barcode Date last seen Date last checked out Copy number Price effective from Koha item type
    Dewey Decimal Classification     Non-Fiction Footprints International School Library Network Toul Tom Poung Campus Footprints International School Library Network Toul Tom Poung Campus TTP Primary Yellow Bookshelves 09/16/2025 2 COU 591.47 FISBK00005 11/10/2025 09/30/2025 1 09/16/2025 Books